| 000 | 00630nam a2200229Ia 4500 | ||
|---|---|---|---|
| 001 | 2898 | ||
| 003 | GE_BSU | ||
| 008 | 181216s||||||||xx |||||||||||||| ||und|| | ||
| 020 | _a5721801271 | ||
| 040 | _cGE_BSU | ||
| 080 | _a33(075.8)+502 | ||
| 100 | _aБобылев, С.Н.А.Ш. Ходжаев | ||
| 245 | _aЭкономика природопользования: | ||
| 245 | _bУчебное пособие | ||
| 260 | _aМосква | ||
| 260 | _bТеис | ||
| 260 | _c1997 | ||
| 300 | _a272 с. 20см. | ||
| 541 | _h6 л. 80 т. | ||
| 653 | _aЭкономика природопользования | ||
| 942 | _cBK | ||
| 999 |
_c36947 _d36947 |
||